| 000 | 00584nam a2200205 4500 | ||
|---|---|---|---|
| 001 | 44746 | ||
| 010 | _a9789893798003 | ||
| 021 | _b548906/25 | ||
| 090 | _a44746 | ||
| 100 | _a20250707d2025 m y0pory50030103ba | ||
| 101 | 0 | _apor | |
| 102 | _aPT | ||
| 200 | 1 |
_aMatilde _fLuz Vieira da Silva |
|
| 210 | 9 |
_aLisboa _cPrimeiro CapĂtulo, _d2025 |
|
| 215 |
_a341, [5] p. _d24 cm |
||
| 675 |
_a821.134.3-31"20" _vBN _zpor |
||
| 700 | 1 |
_aSilva, _bLuz Vieira da |
|
| 801 | 0 |
_aPT _bBN _gRPC |
|
| 856 | 4 | 1 | _uhttp://rnod.bnportugal.gov.pt/ImagesBN/winlibimg.aspx?skey=&doc=2219427&img=210961&save=true |
| 990 | _cLIVROS | ||